Soạn thảo và dịch hợp đồng thương mại quốc tế = Formulation and translation of international business contracts

সংরক্ষণ করুন:
গ্রন্থ-পঞ্জীর বিবরন
বিন্যাস: গ্রন্থ
ভাষা:Undetermined
প্রকাশিত: Thành Phố Hồ Chí Minh Nhà xuất bản Thành Phố Hồ Chí Minh 2007
বিষয়গুলি:
ট্যাগগুলো: ট্যাগ যুক্ত করুন
কোনো ট্যাগ নেই, প্রথমজন হিসাবে ট্যাগ করুন!
Thư viện lưu trữ: Trung tâm Học liệu Trường Đại học Cần Thơ
LEADER 00740nam a2200193Ia 4500
001 CTU_129100
008 210402s9999 xx 000 0 und d
020 |c 118000 
082 |a 651.75 
082 |b S406 
245 0 |a Soạn thảo và dịch hợp đồng thương mại quốc tế = 
245 0 |b Formulation and translation of international business contracts 
245 0 |c Hồ Canh Thân, Vương Xuân Huy, Thân Vân Trinh (biên soạn) 
260 |a Thành Phố Hồ Chí Minh 
260 |b Nhà xuất bản Thành Phố Hồ Chí Minh 
260 |c 2007 
650 |a Commercial correspondence,Contracts 
904 |i Tuyến 
980 |a Trung tâm Học liệu Trường Đại học Cần Thơ